000 00876nam a22002297a 4500
003 BUBTL
008 211206b ||||| |||| 00| 0 eng d
020 _a9847015201760
082 _a954.925/ R8121b/ 2017
100 _94239
_aরায়, ভবেশ
245 _aবঙ্গবন্ধুর জীবনকথা /
_cভবেশ রায়
250 _a1st Edn.
260 _aঢাকা:
_bঅনুপম প্রকাশনী;
_cc2011
300 _a487 p.:
_bill.;
_c22 cm.
500 _aIncludes Bibliography
505 _aবঙ্গবন্ধুর জীবনকথা, ভবেশ রায়, বঙ্গবন্ধু, Bangabandhu, জীবনকথা
650 0 _93574
_aবঙ্গবন্ধু
650 0 _94372
_aBangabandhu
856 _k0
_l0
_yDownload
942 _2ddc
_cBK
999 _c6598
_d6598